| 000 | 00539nam a2200193Ia 4500 | ||
|---|---|---|---|
| 005 | 20250508160208.0 | ||
| 008 | 008 250505s9999 xx 000 0 eng d | ||
| 037 | _aBooks to be hide in OPAC | ||
| 040 |
_aFEDL _beng _cFEDL |
||
| 041 |
_aeng _2eng |
||
| 084 | _qFEDL | ||
| 100 |
_aZook George F _9757221 |
||
| 245 | 0 | _aAccredited secondary schools in the United States | |
| 260 |
_aWashington, USA _bU.S. Government Printing Office _c1922 |
||
| 300 | _a96p. | ||
| 546 | _aWeeded out | ||
| 942 | _cHB | ||
| 999 |
_c1362572 _d1362572 |
||